000
00242nam a2200097Ia 4500
001
644917
005
20250826153614.0
008
250824s9999 xx 000 0 und d
245
0
_a
Ruby Rogers Çıkar Beni Buradan!
_c
Sue Limb
260
_b
ALTIN
999
_c
644917
_d
644917